000 00314nam a2200121u 4500
082 _a947.083
_bLIA
110 1 _aGreat Britain.
_939715
245 0 0 _aOfficial history of the Russo-Japanese war...
260 _a[n.p.,
_cn.d.]
300 _av.
_ccm.
526 _a0
_b0
_c0
_d947_083000000000000_LIA
942 _2ddc
_cBK
999 _c553025
_d553025